000 00533nam a2200133Ia 4500
008 231221s9999 xx 000 0 und d
020 _a978-3-642-16946-5
041 _aEnglish
100 _aPedro José Marron, Stamatis Karnouskos, Daniel Minder, Aníbal Ollero
245 4 _aThe Emerging Domain of Cooperating Objects
260 _c2011
_bSpringer Berlin Heidelberg
_aNew York
650 _aCommunications Engineering, Networks; Computer Communication Networks; Control, Robotics, Mechatronics; Circuits and Systems
942 _cEB
999 _c228959
_d228959